01013nabaa22001817a 4500003000400000005001700004008004100021040000700062100002400069245012700093300001300220505031800233505008900551650002700640650002600667650002400693773011400717OSt20260122220354.0190701b xxu||||| |||| 00| 0 spa d cPJ aAzzarri, Juan Cruz 13aEl principio de la separación de poderes inserto en la Constitución nacional y el artículo 109 /cJuan Cruz Azzarri. ap. 88-98 aSumario: I. Introducción.— II. ¿Cuál es el contenido de la teoría de la división de poderes?— III. ¿Cuál es la normativa constitucional argentina que recepta este principio?— IV. ¿Cuáles fueron los antecedentes y causas de la recepción de este principio en nuestra Constitución nacional?. t¿Te interesa el texto completo? Comunicate al correo: koha@justierradelfuego.gov.ar 0aDERECHO ADMINISTRATIVO 0aCONSTITUCION NACIONAL 0aDIVISION DE PODERES0 02842dBuenos Aires : AbeledoPerrot, 2012-oDA121tDerecho administrativo. Nº 148 julio/agosto 2023z18510590